[Event "Columbus Schwarzenegger op"]
[Site "Columbus"]
[Date "2017.03.05"]
[Round "5"]
[White "Feng, Maggie"]
[Black "Brattain, Mika A"]
[Result "1/2-1/2"]
[WhiteElo "2162"]
[BlackElo "2373"]
[PlyCount "89"]
[EventDate "2017.03.03"]
[EventType "swiss"]
[EventRounds "5"]
[EventCountry "USA"]
[SourceTitle "CBM 177 Extra"]
[Source "ChessBase"]
[SourceDate "2017.04.27"]
[SourceVersion "1"]
[SourceVersionDate "2017.04.27"]
[SourceQuality "1"]

1. Nf3 c5 2. g3 Nc6 3. c4 e5 4. Nc3 d6 5. Bg2 f5 6. d3 Nf6 7. 0-0 Be7 8. Ne1 Be6 9. Nd5 0-0 10. Nc2 Rb8 11. a4 Qd7 12. f4 Rbe8 13. Bd2 Bd8 14. Bc3 a5 15. Nce3 g6 16. Ra3 Nb4 17. Qd2 Qf7 18. Bxb4 axb4 19. Raa1 b6 20. Nxf6+ Bxf6 21. Nd5 Bd8 22. b3 Qg7 23. Kh1 Kh8 24. Rae1 Bxd5 25. Bxd5 Bf6 26. Qc2 exf4 27. Rxf4 Bc3 28. Ref1 Re3 29. R4f3 Rfe8 30. Rxe3 Rxe3 31. Rf3 Qe5 32. Rxe3 Qxe3 33. Qd1 Kg7 34. Qf1 Bd4 35. Kg2 Qd2 36. Qf3 h5 37. Be6 Qd1 38. Kh3 Kf6 39. Bd7 Ke7 40. Bc8 Kd8 41. Be6 Ke7 42. Bc8 Kf6 43. Bd7 Kg7 44. Be8 Kf6 45. Bd7 1/2-1/2

[Event "PRO League Stage"]
[Site "Chess.com INT"]
[Date "2017.02.22"]
[Round "7"]
[White "Feng, Maggie"]
[Black "Corallo, Michael Patrick"]
[Result "0-1"]
[WhiteElo "2164"]
[BlackElo "2275"]
[PlyCount "48"]
[EventDate "2017.01.11"]
[EventType "team-swiss (rapid)"]
[EventRounds "7"]
[EventCountry "USA"]
[SourceTitle "EXT 2018"]
[Source "ChessBase"]
[SourceDate "2017.10.13"]
[SourceVersion "1"]
[SourceVersionDate "2017.10.13"]
[SourceQuality "1"]
[WhiteTeam "Columbus Cardinals"]
[BlackTeam "Atlanta Kings"]
[WhiteTeamCountry "USA"]
[BlackTeamCountry "USA"]

1. Nf3 c5 2. g3 g6 3. Bg2 Nc6 4. c4 Bg7 5. Nc3 d6 6. 0-0 Bf5 7. d3 Qd7 8. Re1 Bh3 9. Bh1 h5 10. e3 Bg4 11. Qc2 Nf6 12. h4 0-0 13. a3 Rab8 14. Rb1 a6 15. b4 cxb4 16. axb4 b5 17. c5 Bxf3 18. Bxf3 Ne5 19. Be2 Qh3 20. Ne4 Nfg4 21. Bxg4 hxg4 22. Ng5 Nf3+ 23. Nxf3 gxf3 24. Qd1 Qg2# 0-1